[Event "POL-chT 53rd"]
[Site "Krynica"]
[Date "1997.09.25"]
[Round "1"]
[White "Oliwa, Marek"]
[Black "Khenkin, Igor"]
[Result "1-0"]
[WhiteElo "2375"]
[BlackElo "2550"]
[PlyCount "125"]
[EventDate "1997.09.25"]
[EventType "team-tourn"]
[EventRounds "11"]
[EventCountry "POL"]
[SourceTitle "EXT 2019"]
[Source "ChessBase"]
[SourceDate "2018.10.10"]
[SourceVersion "1"]
[SourceVersionDate "2018.10.10"]
[SourceQuality "1"]
[WhiteTeam "Jasien LKS ZPD"]
[BlackTeam "Gorzow Wielkopolski Stilon"]
[WhiteTeamCountry "POL"]
[BlackTeamCountry "POL"]

1. d4 d5 2. Nf3 Nf6 3. e3 g6 4. c4 Bg7 5. Nc3 0-0 6. b4 c6 7. Be2 a5 8. b5 c5 9. dxc5 Ne4 10. Nxe4 Bxa1 11. cxd5 Bf5 12. Ng3 Bc3+ 13. Bd2 Bxd2+ 14. Qxd2 Nd7 15. e4 Bg4 16. c6 Nb6 17. 0-0 Bxf3 18. Bxf3 bxc6 19. bxc6 Qd6 20. h4 Nc4 21. Qc1 Ne5 22. Be2 Rfc8 23. h5 a4 24. hxg6 hxg6 25. Qg5 Qf6 26. Qxf6 exf6 27. f4 Nxc6 28. dxc6 Rxc6 29. Rf3 a3 30. Bd3 Rc1+ 31. Nf1 Rac8 32. Ba6 R8c3 33. Rxc3 Rxc3 34. Bb7 f5 35. exf5 gxf5 36. Bd5 Rd3 37. Bf3 Kg7 38. Kf2 Kf6 39. Ke2 Rd4 40. Ne3 Ke6 41. g3 Rd8 42. Bg2 Kf6 43. Bd5 Rg8 44. Nc2 Rxg3 45. Bb3 Kg6 46. Kf2 Rh3 47. Nxa3 Kh5 48. Bd1+ Kh4 49. Bf3 Rh2+ 50. Bg2 Kg4 51. Nc4 Rh8 52. a4 Rd8 53. a5 Rd4 54. Bf1 Rxf4+ 55. Ke1 Re4+ 56. Kd2 Re6 57. a6 Kg3 58. Na5 Re5 59. Nc6 Re8 60. a7 Ra8 61. Ba6 f4 62. Bb7 Rxa7 63. Nxa7 1-0